000 00495nam a22001577a 4500
003 OSt
005 20140310182443.0
008 130803t xxu||||| |||| 00| 0 eng d
020 _a9780131922914
050 _aPE 1417
_b.M367 2009
245 _aComposing inquiry :
_bmethods and readings for investigation and writing /
_cMargaret J. Marshall
260 _aNew Jersey :
_bPearson Education, Inc.,
_cc2009.
300 _axiii, 632 p. :
_bill. ;
_c23 cm.
942 _2lcc
_cSSLC
999 _c13567
_d13567